02271cam a22010934i 4500003000900000005001700009008004100026020001500067035002700082040003300109082001700142100003200159245002400191264004200215300003800257336002100295337002500316338002300341504004800364505012900412526000900541526000900550526000900559526000900568526000900577526000900586526000900595526000900604526000900613526000900622526000900631526000900640526000900649526000900658526000900667526000900676526000900685526000900694526000900703526000900712526000900721526000900730526000900739526000900748526000900757526000900766526000900775526000900784526000900793526000900802526000900811526000900820526000900829526000900838526000900847526000900856526000900865526000800874526000800882526000800890526000800898526000800906526000800914526000800922526000800930526000800938526000800946526000800954526000800962526000800970526000800978526000800986526000800994526000801002526000801010526000801018526000801026526000801034526000801042526000801050526000801058526000801066526000801074526000801082526000801090526000801098526000801106526000801114526000801122526000801130526000801138526000801146650002301154PE-LiUPU20250813185645.0150616s r 000 0 d a067160192X a(Sirsi) i9780671601928 aPE-LiUPUbspacPE-LiUPUerda04a307bP352211 aPeck, Morgan Scott,eautor.14aThe different drum. 1aNew York :bA Touchstone book,c1988. a334 páginas ;c21 centímetros atext2rdacontent aunmediated2rdamedia avolume2rdacarrier aBibliografía al pie de algunas páginas.0 aStumbling into community.- Individuals and the fallacy of rugged.- The true meaning of community.- The genesis of community. aP202 aP201 aP163 aP162 aP161 aP160 aP148 aP147 aP146 aP145 aP144 aP143 aP142 aP141 aP140 aP139 aP138 aP137 aP136 aP135 aP134 aP133 aP129 aP128 aP127 aP120 aP119 aP118 aP116 aP115 aP114 aP110 aP109 aP108 aP104 aP103 aP102 aP99 aP98 aP97 aP96 aP95 aP93 aP90 aP89 aP88 aP83 aP82 aP62 aP59 aP58 aP57 aP51 aP49 aP48 aP47 aP29 aP24 aP20 aP19 aP17 aP15 aP14 aP12 aP10 aP09 aP08 aP07 aP06 aP05 aP04 aP0104aVIDA EN COMUNIDAD.